000 01324nam a2200349Ia 4500
001 ebr10601771
003 CaPaEBR
006 m u
007 cr cn|||||||||
008 090403s2009 at a sb 001 0 eng d
010 _z 2009286869
020 _z1877058815 (pbk.)
020 _z9781877058813 (pbk.)
020 _z9781921719356
040 _aCaPaEBR
_cCaPaEBR
035 _a(OCoLC)795120465
050 1 4 _aTJ808
_b.N53 2009eb
082 0 4 _a333.794
_222
100 1 _aNicholson, Martin.
245 1 0 _aEnergy in a changing climate
_h[electronic resource] /
_cMartin Nicholson.
260 _aDural Delivery Centre, N.S.W. :
_bRosenberg,
_c2009.
300 _a232 p. :
_bill.
504 _aIncludes bibliographical references (p. 223-229) and index.
533 _aElectronic reproduction.
_bPalo Alto, Calif. :
_cebrary,
_d2011.
_nAvailable via World Wide Web.
_nAccess may be limited to ebrary affiliated libraries.
650 0 _aRenewable energy sources.
650 0 _aEnergy consumption
_xForecasting.
650 0 _aPower resources
_xEnvironmental aspects.
650 0 _aPollution prevention.
655 7 _aElectronic books.
_2local
710 2 _aebrary, Inc.
856 4 0 _uhttp://site.ebrary.com/lib/rucke/Doc?id=10601771
_zAn electronic book accessible through the World Wide Web; click to view
999 _c98269
_d98269